000 01323nam a2200265 a 4500
999 _c346697
_d346697
003 BLK
005 20250121141734.0
008 191121b bu ||||| |||| 00| 0 bu d
020 _a9786191641024
040 _aBLK
041 _aBUL
_cBUL
080 _aБългарска литература
_b821.163.2
_x-312.6
_z821.163.2-312.6
080 _aДраматични театри. Театри за драма и комедия. Вж и 82-2
_b792.2
_x.071.1(497.2)(092)(0:82-31)
_z792.2.071.1(497.2)(092)(0:82-31)
080 _aБългарски театрален режисьор
_b929 Азарян, Крикор Степан
_z929 Азарян, Крикор Степан
100 _aРадинска, Валентина Димитрова
_9252438
139 _aРадинска, Валентина Димитрова
_bР 14
245 _aНие с Коко
_bКрикор Азарян отблизо : док. роман
_cВалентина Радинска
250 _a2. доп. изд.
260 _9215899
_aСофия
_bEnthusiast
_c2011
_f([София] : Хеликс прес)
_n978-619-164- ; 978-954-2958- ; 978-954-8657-
300 _a344 с. : с ил.
_c21 см
380 _aX
500 _a1. изд. 2011
942 _2udc
_cKNG
_n0
_s1
_022
944 _k30576
_lЦветомила Тодорова